[Event "Zukertort"]
[Site "Charlesbourg"]
[Date "2015.03.16"]
[Round "6"]
[White "Boies, Dominique"]
[Black "Beauchesne, Jonathan"]
[Result "0-1"]
[WhiteElo "1570"]
[BlackElo "1725"]
[PlyCount "46"]
[EventDate "2015.02.09"]
[EventType "swiss"]
[EventRounds "5"]
[EventCountry "CAN"]
[SourceTitle "EXT 2019"]
[Source "ChessBase"]
[SourceDate "2018.10.10"]
[SourceVersion "1"]
[SourceVersionDate "2018.10.10"]
[SourceQuality "1"]

1. e4 c5 2. Nf3 d6 3. d4 cxd4 4. Nxd4 Nf6 5. Nc3 g6 6. Be2 Bg7 7. h4 Qb6 8. Be3 Qxb2 9. Ndb5 Qb4 10. Nc7+ Kd8 11. Bd2 Nxe4 12. Nxe4 Qxe4 13. Nxa8 Bxa1 14. Qxa1 f6 15. Qc3 Nc6 16. Kd1 Be6 17. Bf3 Bg4 18. Qb3 Kc8 19. Re1 Bxf3+ 20. gxf3 Qf5 21. Be3 e6 22. Bxa7 Nxa7 23. Qc4+ Nc6 0-1

[Event "Charlesbourg Millenium"]
[Site "Charlesbourg"]
[Date "2014.10.27"]
[Round "4"]
[White "Beauchesne, Jonathan"]
[Black "Boies, Dominique"]
[Result "1/2-1/2"]
[WhiteElo "1680"]
[BlackElo "1539"]
[PlyCount "105"]
[EventDate "2014.10.06"]
[EventType "swiss"]
[EventRounds "5"]
[EventCountry "CAN"]
[SourceTitle "EXT 2022"]
[Source "ChessBase"]
[SourceDate "2021.10.06"]
[SourceVersion "1"]
[SourceVersionDate "2021.10.06"]
[SourceQuality "1"]

1. e4 e5 2. Nf3 Nc6 3. Bb5 a6 4. Ba4 Nf6 5. 0-0 Be7 6. Re1 b5 7. Bb3 d6 8. c3 0-0 9. h3 Bb7 10. d4 exd4 11. cxd4 Re8 12. Nbd2 h6 13. Nf1 Bf8 14. Ng3 Na5 15. Bc2 c5 16. d5 Nc4 17. b3 Ne5 18. Nxe5 Rxe5 19. Bf4 Re8 20. Nf5 Bc8 21. Ng3 Bd7 22. e5 g5 23. exf6 Rxe1+ 24. Qxe1 Qxf6 25. Be3 Bg7 26. Rd1 Re8 27. Nh5 Qb2 28. Nxg7 Kxg7 29. Bb1 f5 30. Qd2 Qxd2 31. Bxd2 b4 32. Re1 Rxe1+ 33. Bxe1 Kf6 34. Bd2 Ke5 35. h4 f4 36. hxg5 hxg5 37. g3 fxg3 38. fxg3 g4 39. Kf2 Kxd5 40. Ke3 Ke5 41. Bg6 a5 42. Bc1 d5 43. Ke2 Bb5+ 44. Bd3 c4 45. Bb2+ Ke6 46. Ke3 cxd3 47. Bd4 Kd6 48. Bb6 a4 49. Bd4 axb3 50. axb3 Ba6 51. Bb6 Kc6 52. Bd4 Kd6 53. Kd2 1/2-1/2